| 000 | 00423nam a2200169Ia 4500 | ||
|---|---|---|---|
| 005 | 20240715015620.0 | ||
| 008 | 240331s9999 xx 000 0 und d | ||
| 082 |
_bREL _a200 |
||
| 245 | 0 | _aReligiousness in Sri lanka | |
| 260 |
_aColombo _bMarga Institute _c1979 |
||
| 300 | _ax, 300 p ., | ||
| 650 | _aPolitical | ||
| 650 | _aEconomic | ||
| 650 | _aReligious Traditions | ||
| 700 |
_aCarter, ross john _eedt |
||
| 942 | _cL | ||
| 999 |
_c2609 _d2609 |
||